Responses for Show #3514 - Thursday, December 9, 1999

Contestants

[<< previous game]

Clif Bailey, a peace officer and firefighter from Euless, Texas

Catherine Smythe Zajc, a director of prospect development from Cleveland, Ohio

Amanda Folk, a paralegal from Columbia, South Carolina (whose 1-day cash winnings total $7,800)

[next game >>]

Jeopardy! Round responses

AMERICAN HISTORY
MOBILE HOMES
KIDDY LIT
FOOD, GLORIOUS FOOD
THE 1999 EMMY AWARDS
CROSSWORD CLUES "K"
    $100 7
Lottery

Clif
    $100 12
Recreational vehicle

Clif
    $100 26
Jack (in "Jack and the Beanstalk")

Clif
    $100 17
Angel

Clif
    $100 1
John Lithgow

Clif
    $100 2
Kiss

Clif
    $200 8
John Gotti

Clif
    $200 13
Trailer park

Amanda
    $200 27
"The Frog Prince"

Amanda
    $200 18
Tomatoes

Catherine
    $200 22
Tony Awards

Amanda
    $200 3
King

Amanda
    $500 9
(Clif: What is Cleveland?)

Cincinnati

Clif
    $300 14
Winnebago

Clif
    $300 28
(Clif: What is "Willy Wonka and the Chocolate Factory?")

"Charlie and the Chocolate Factory"

Clif
Triple Stumper
    $300 19
Filet mignon

Catherine
    $300 23
(Clif: What is Oz?)

The Sopranos

AmandaClif
    $300 4
Kaiser

Clif
    $400 10
Abbie Hoffman

Triple Stumper
    $400 15
Hurricane Andrew

Clif
    $400 29
Little Lord Fauntleroy

Triple Stumper
    $400 20
Cornish

Amanda
    $400 24
David E. Kelley

Amanda
    $400 5
Kooky

Clif
    $500 11
(Amanda: Who was Da Gama?)
(Clif: Who was Cabeza de Vaca?)

Hernando de Soto

AmandaClif
Triple Stumper
    $500 16
Airstream

Catherine
    $500 30
(Amanda: Who is Peter Potter?)

Harry Potter

AmandaClif
    $500 21
(Amanda: What is a [**]?)
[Originally ruled incorrect; reversed before Double Jeopardy!]

fugu (blowfish accepted)

Amanda
    $500 25
(Alex: And we have about a minute to go in the round.)

Mel Brooks & Anne Bancroft

Triple Stumper
    $500 6
Karan

Catherine

Scores at the first commercial break (after clue 15):

Amanda Catherine Clif
-$100 $500 $1,000

Scores at the end of the Jeopardy! Round:

Amanda Catherine Clif
$1,400 $1,500 $1,100

Double Jeopardy! Round responses

VARMINTS
THIS TOWN AIN'T BIG ENOUGH
DANCE!
SAY YOUR PRAYERS
DRAW!
WILD WEST TALK
    $200 9
Bobcat

Clif
    $200 4
Lourdes

Amanda
    $200 20
Jar Jar Binks

Clif
    $200 21
The lion's den

Amanda
    $200 15
"Hagar the Horrible"

Clif
    $200 1
Pregnant

Clif
    $400 10
Coyote

Clif
    $400 5
Carlsbad

Clif
    $400 27
(Catherine: Who is Paula Abdul?)

Debbie Allen

AmandaCatherine
    $400 22
Samson

Clif
    $400 16
"Crock"

Clif
    $400 2
Loco

Catherine
    $585 11
Prairie dog

Clif
    $600 6
Brattleboro

Amanda
    $600 28
Mikhail Baryshnikov

Catherine
    $600 23
(Alex: With a minute to go.)

St. Stephen

Triple Stumper
    $600 17
"In the Bleachers"

Triple Stumper
    $600 3
(Catherine: [No response])

riding shotgun

Catherine
    $800 12
(Clif: What is an armadillo?)

Hedgehog

Clif
Triple Stumper
    $800 7
Alice Springs

Clif
    $800 29
[The end-of-round signal sounds.]

Martha Graham

Amanda
    $800 25
Solomon

Triple Stumper
    $800 18
"Mutts"

Triple Stumper
    $800 14
Catalog

Catherine
    $1000 13
(Alex: Also, a man!)

Weasel

Triple Stumper
    $1000 8
Kansas State

Clif
    $1000 26
Jacob & Esau

Catherine
    $1000 19
"The Boondocks"

Triple Stumper
    $1000 24
(Clif: SAY YOUR PRAYERS for $800.)
(Alex: I will!)

Texas

Clif

Scores at the end of the Double Jeopardy! Round:

Amanda Catherine Clif
$3,600 $3,300 $6,085

[wagering suggestions for these scores]

Final Jeopardy! Round responses

HONORS
CatherineWhat is Poet Laureate
$3,300
AmandaWhat is Prime min of Scotland
$0
ClifWhat is Poet Laureate
$1,500
Poet Laureate of England

Final scores:

Amanda Catherine Clif
$3,600 $6,600 $7,585
3rd place: VTech Cordless Phones 2nd place: Trip to Thistle Selfridge Hotel, London, England New champion: $7,585

Game dynamics:

Coryat scores:

Amanda Catherine Clif
$3,600 $3,900 $6,600
13 R,
2 W
8 R,
2 W
(including 1 DD)
24 R
(including 1 DD),
5 W
(including 1 DD)

Combined Coryat: $14,100

[game clues] [game scores] [suggest correction]

Game tape date: 1999-09-14
The J! Archive is created by fans, for fans. Scraping, republication, monetization, and malicious use prohibited; this site may use cookies and collect identifying information. See terms. The Jeopardy! game show and all elements thereof, including but not limited to copyright and trademark thereto, are the property of Jeopardy Productions, Inc. and are protected under law. This website is not affiliated with, sponsored by, or operated by Jeopardy Productions, Inc. Join the discussion at JBoard.tv.